| Tag |
First Indicator |
Second Indicator |
Subfields |
| LEADER |
00000cam a2200000 i 4500 |
| 001 |
in00000804021 |
| 005 |
20151017093906.0 |
| 008 |
790430s1979 mdua f00010 eng d |
| 010 |
|
|
|a gp 79012759
|
| 020 |
|
|
|c pbk.
|
| 035 |
|
|
|a (OCoLC)04909387
|
| 035 |
|
|
|9 ADT0189AM
|
| 037 |
|
|
|b 20910
|
| 040 |
|
|
|a AEB
|c AEB
|d GPO
|d UtOrBLW
|
| 074 |
|
|
|a 208-C-6
|
| 086 |
|
|
|a C 55.13/2:NWS HYDRO-38
|
| 100 |
1 |
|
|a Sittner, Walter T.
|
| 245 |
1 |
0 |
|a Improvement of hydrologic simulation by utilizing observed discharge as an indirect input :
|b (computed hydrograph adjustment technique - CHAT) /
|c Walter T. Sittner and Kay M. Krouse.
|
| 264 |
|
1 |
|a Silver Spring, Md. :
|b Dept. of Commerce, National Oceanic and Atmospheric Administration, National Weather Service,
|c 1979.
|
| 300 |
|
|
|a viii, 125, A-20 pages :
|b illustrations ;
|c 26 cm.
|
| 336 |
|
|
|a text
|b txt
|2 rdacontent
|
| 337 |
|
|
|a unmediated
|b n
|2 rdamedia
|
| 338 |
|
|
|a volume
|b nc
|2 rdacarrier
|
| 490 |
1 |
|
|a NOAA technical memorandum NWS HYDRO ;
|v 38
|
| 490 |
0 |
|
|a NOAA S/T ; 79-39
|
| 500 |
|
|
|a Feb. 1979.
|
| 504 |
|
|
|a Includes bibliographical references.
|
| 650 |
|
0 |
|a Hydrography
|x Data processing.
|
| 650 |
|
0 |
|a Hydrologic models.
|
| 650 |
|
0 |
|a Flood forecasting.
|
| 700 |
1 |
|
|a Krouse, Kay M.
|
| 710 |
1 |
|
|a United States.
|b National Weather Service.
|
| 830 |
|
0 |
|a NOAA technical memorandum NWS HYDRO ;
|v 38.
|
| 999 |
|
|
|a MARS
|
| 999 |
f |
f |
|s 8c95c523-13a8-3fac-ace9-caa5ff320125
|i d3d6ab46-fd08-3c2d-be2c-1d880aefb131
|t 0
|
| 952 |
f |
f |
|p normal
|a Texas A&M University
|b College Station
|c Sterling C. Evans Library
|d Evans: US Documents (Annex 5th floor)
|t 0
|e C 55.13/2: NWS HYDRO-38
|h Superintendent of Documents classification
|i unmediated -- volume
|m A14843089468
|
| 998 |
f |
f |
|a C 55.13/2: NWS HYDRO-38
|t 0
|l Evans: US Documents (Annex 5th floor)
|